|
|
|
|
| LEADER |
00000nam0a2200000 4500 |
| 001 |
154538 |
| 005 |
20231101221756.0 |
| 010 |
|
|
|a 0750307528
|
| 035 |
|
|
|a (RuTPU)RU\TPU\book\167630
|
| 090 |
|
|
|a 154538
|
| 100 |
|
|
|a 20090302d2005 k y0engy50 ba
|
| 101 |
0 |
|
|a eng
|
| 102 |
|
|
|a GB
|
| 105 |
|
|
|a a z 001zy
|
| 200 |
1 |
|
|a Physics of Continuous Matter. Exotic and Everyday Phenomena in the Macroscopic World
|f B. Lautrup
|
| 210 |
|
|
|a London
|c IoP
|d 2005
|
| 215 |
|
|
|a 608 p.
|c il.
|
| 320 |
|
|
|a List of literature: p. 593-596.
|
| 320 |
|
|
|a Index: p. 597-608.
|
| 606 |
1 |
|
|a Физика конденсированных сред
|2 stltpush
|3 (RuTPU)RU\TPU\subj\63721
|
| 606 |
1 |
|
|a Конденсированного состояния теория
|2 stltpush
|3 (RuTPU)RU\TPU\subj\66345
|9 82523
|
| 610 |
1 |
|
|a физика
|
| 610 |
1 |
|
|a материалы
|
| 610 |
1 |
|
|a жидкое состояние
|
| 610 |
1 |
|
|a вещество
|
| 610 |
1 |
|
|a твердое состояние
|
| 610 |
1 |
|
|a конденсированные состояния
|
| 610 |
1 |
|
|a системы
|
| 610 |
1 |
|
|a теория
|
| 610 |
1 |
|
|a свойства
|
| 610 |
1 |
|
|a микроскопическое описание
|
| 610 |
1 |
|
|a английский язык
|
| 675 |
|
|
|a 538.9
|v 3
|
| 700 |
|
1 |
|a Lautrup
|b B.
|
| 801 |
|
1 |
|a RU
|b 63413507
|c 20090302
|g PSBO
|
| 801 |
|
2 |
|a RU
|b 63413507
|c 20150306
|g PSBO
|
| 942 |
|
|
|c BK
|